000 00477cam a2200181ua 4500
001 3285
008 111014n ii |||gr||||Z||||||asm
040 _cMAIN
082 _a891.4513
100 1 _aBorkataky, Biren,
_eEditor.,
245 1 1 _aAupanyasik Rajanikanta Bordoloi
_cby Biren Barkataky
250 _a1st.
260 _aJorhat:
_bAssam Sahitya sabha,967.
300 _a169p:
_c23cm.
653 _aAssamese novel
653 _aAupanyasik Rajanikanta Bordoloi
942 _cBK
999 _c3130
_d3130